Fundamentos de transferencia de momento, calor y masa

Zapisane w:
Opis bibliograficzny
Główni autorzy: Welty, James R (Autor), Wicks, Charles E (Autor), Wilson, Robert E (Autor)
Format: Książka
Język:hiszpański
Wydane: Ciudad de México Limusa 1982
Hasła przedmiotowe:
Etykiety: Dodaj etykietę
Nie ma etykietki, Dołącz pierwszą etykiete!

MARC

LEADER 00000nam a2200000 a 4500
001 UCV3654
003 CL-VaPUC
008 891219e19820000MX |||||||||||||||||spa|d
082 0 4 |a 660.284  |b WEL  |2 21 
100 0 |a Welty, James R  |e author  |9 297925 
700 0 |a Wicks, Charles E  |e author  |9 297926 
700 0 |a Wilson, Robert E  |e author  |9 297927 
245 1 0 |a Fundamentos de transferencia de momento, calor y masa 
300 |a 887 p 
942 |c BK 
945 |d 19891219 00:00:00 
260 |a Ciudad de México  |b Limusa  |c 1982 
650 0 |a Transferencia de masa  |9 259375 
650 7 |a TRANSMISION DEL CALOR  |2 CL-VaPUC  |9 259311 
583 |a last modification  |c 19891219 00:00:00  |k Rodrigo Vera 
999 |c 210801  |d 210799 
952 |0 0  |1 0  |4 0  |6 660_284000000000000_WEL_1982  |7 0  |8 A  |9 187601  |a BIBALI  |b BIBALI  |c GEN  |d 2019-11-14  |i 2552019  |l 1  |o 660.284 WEL 1982  |p 2552019  |r 2025-01-20  |s 2024-04-19  |w 2019-11-14  |y BK  |k ALI 
952 |0 0  |1 0  |4 0  |6 660_284000000000000_WEL_1982  |7 0  |8 A  |9 187602  |a BIBMEC  |b BIBMEC  |d 2019-11-14  |i 1335340  |o 660.284 WEL 1982  |p 1335340  |r 2019-11-14  |w 2019-11-14  |y BK  |k MEC